000 01553pam a2200385 i 4500
001 2020044749
003 DLC
005 20250212124326.0
008 201001s2021 nyub 000 1 eng
010 _a 2020044749
020 _a9780525657767
_q(hbk.)
020 _a9781984898968
_q(pbk.)
020 _z9780525657774
_q(ebk.)
040 _aDLC
_beng
_erda
_cDLC
_dDLC
_dTnLvILS
042 _apcc
092 _aadult fiction
_bHeller
100 1 _aHeller, Peter,
_d1959-
_eauthor.
245 1 4 _aThe guide :
_ba novel /
_cPeter Heller.
250 _aFirst Edition.
264 1 _aNew York :
_bAlfred A. Knopf,
_c2021.
300 _a257 pages :
_bmap ;
_c22 cm.
336 _atext
337 _aunmediated
338 _avolume
520 _a"The bestselling author of The River returns with a heart-racing thriller about a young man who, escaping his own grief, is hired by an elite fishing lodge in Colorado where amid the natural beauty of sun-drenched streams and forests he uncovers a plot of shocking menace"--
650 0 _aFishing lodges
_zColorado
_vFiction.
_96538809
650 0 _aResorts
_vFiction.
_95717463
650 0 _aFishing guides
_vFiction.
_95716128
650 0 _aSingers
_vFiction.
_95729692
650 0 _aRich people
_vFiction.
_95678551
651 0 _aColorado
_vFiction.
_95675457
655 7 _aThrillers (Fiction)
_2lcgft.
776 0 8 _iOnline version:
_aHeller, Peter,
_tThe guide
_dNew York : Alfred A. Knopf, 2021.
_z9780525657774
_w(DLC) 2020044750.
942 _2ddc
_cBOOK
999 _c404427
_d404427